<?xml version="1.0" encoding="UTF-8"?>
<record
    xmlns:xsi="http://www.w3.org/2001/XMLSchema-instance"
    xsi:schemaLocation="http://www.loc.gov/MARC21/slim http://www.loc.gov/standards/marcxml/schema/MARC21slim.xsd"
    xmlns="http://www.loc.gov/MARC21/slim">

  <leader>01768nam a2200433 a 4500</leader>
  <controlfield tag="001">nkc20061660662</controlfield>
  <controlfield tag="003">CZ PrSKC</controlfield>
  <controlfield tag="005">20260512170442.0</controlfield>
  <controlfield tag="007">ta</controlfield>
  <controlfield tag="008">060621s2006    xr a   c      000 f cze  </controlfield>
  <datafield tag="020" ind1=" " ind2=" ">
    <subfield code="a">8000017024</subfield>
  </datafield>
  <datafield tag="020" ind1=" " ind2=" ">
    <subfield code="a">9788000017020</subfield>
  </datafield>
  <datafield tag="040" ind1=" " ind2=" ">
    <subfield code="a">OLA001</subfield>
    <subfield code="b">cze</subfield>
    <subfield code="d">BOA001</subfield>
    <subfield code="d">ABA001</subfield>
  </datafield>
  <datafield tag="041" ind1="1" ind2=" ">
    <subfield code="a">cze</subfield>
    <subfield code="h">ger</subfield>
  </datafield>
  <datafield tag="072" ind1=" " ind2="7">
    <subfield code="a">821.112.2-3</subfield>
    <subfield code="x">N&#x11B;meck&#xE1; pr&#xF3;za, n&#x11B;mecky psan&#xE1;</subfield>
    <subfield code="2">Konspekt</subfield>
  </datafield>
  <datafield tag="072" ind1=" " ind2="7">
    <subfield code="a">821-93</subfield>
    <subfield code="x">Literatura pro d&#x11B;ti a ml&#xE1;de&#x17E; (beletrie)</subfield>
    <subfield code="2">Konspekt</subfield>
  </datafield>
  <datafield tag="080" ind1=" " ind2=" ">
    <subfield code="a">821.112.2-31</subfield>
    <subfield code="2">MRF</subfield>
  </datafield>
  <datafield tag="080" ind1=" " ind2=" ">
    <subfield code="a">821-93</subfield>
    <subfield code="2">MRF</subfield>
  </datafield>
  <datafield tag="080" ind1=" " ind2=" ">
    <subfield code="a">(0:82-312.9)</subfield>
    <subfield code="2">MRF</subfield>
  </datafield>
  <datafield tag="100" ind1="1" ind2=" ">
    <subfield code="a">Ende, Michael,</subfield>
    <subfield code="d">1929-1995</subfield>
    <subfield code="4">aut</subfield>
    <subfield code="9">2000</subfield>
  </datafield>
  <datafield tag="240" ind1="1" ind2="0">
    <subfield code="a">Unendliche Geschichte.</subfield>
    <subfield code="l">&#x10C;esky</subfield>
  </datafield>
  <datafield tag="245" ind1="1" ind2="0">
    <subfield code="a">Nekone&#x10D;n&#xFD; p&#x159;&#xED;b&#x11B;h /</subfield>
    <subfield code="c">Michael Ende ; [z n&#x11B;meck&#xE9;ho origin&#xE1;lu ... p&#x159;elo&#x17E;ila Eva P&#xE1;tkov&#xE1; ; ilustroval Franti&#x161;ek Sk&#xE1;la ml.]</subfield>
  </datafield>
  <datafield tag="250" ind1=" " ind2=" ">
    <subfield code="a">2. vyd.</subfield>
  </datafield>
  <datafield tag="260" ind1=" " ind2=" ">
    <subfield code="a">Praha :</subfield>
    <subfield code="b">Albatros,</subfield>
    <subfield code="c">2006</subfield>
  </datafield>
  <datafield tag="300" ind1=" " ind2=" ">
    <subfield code="a">395 s. :</subfield>
    <subfield code="b">il. ;</subfield>
    <subfield code="c">25 cm</subfield>
  </datafield>
  <datafield tag="490" ind1="1" ind2=" ">
    <subfield code="a">Klub mlad&#xFD;ch &#x10D;ten&#xE1;&#x159;&#x16F;</subfield>
  </datafield>
  <datafield tag="500" ind1=" " ind2=" ">
    <subfield code="a">Dotisk r. 2009</subfield>
  </datafield>
  <datafield tag="520" ind1="2" ind2=" ">
    <subfield code="a">Basti&#xE1;n ut&#xED;k&#xE1; do zem&#x11B; Fantaz&#xE1;nie p&#x159;ed posm&#x11B;va&#x10D;n&#xFD;mi spolu&#x17E;&#xE1;ky i p&#x159;&#xED;li&#x161; zam&#x11B;stnan&#xFD;m otcem, aby ji svou p&#x159;edstavivost&#xED; zachr&#xE1;nil. Ale i on tu pozn&#xE1;, &#x17E;e jeho m&#xED;sto je mezi lidmi a nau&#x10D;&#xED; se zde nikoho se neb&#xE1;t. P&#x159;&#xED;b&#x11B;h pln&#xFD; fantazie a moudrosti.</subfield>
  </datafield>
  <datafield tag="520" ind1="2" ind2=" ">
    <subfield code="a">P&#x159;&#xED;b&#x11B;h mal&#xE9;ho chlapce, kter&#xFD; se ocitne v nemocn&#xE9; zemi Fantaz&#xE1;nii a za nejfantasti&#x10D;t&#x11B;j&#x161;&#xED;ch situac&#xED; se mu poda&#x159;&#xED; zemi a jej&#xED; c&#xED;sa&#x159;ovnu zachr&#xE1;nit.</subfield>
  </datafield>
  <datafield tag="655" ind1=" " ind2="7">
    <subfield code="a">n&#x11B;meck&#xE9; rom&#xE1;ny</subfield>
    <subfield code="9">47</subfield>
  </datafield>
  <datafield tag="655" ind1=" " ind2="7">
    <subfield code="a">fantasy rom&#xE1;ny</subfield>
  </datafield>
  <datafield tag="655" ind1=" " ind2="7">
    <subfield code="a">publikace pro d&#x11B;ti</subfield>
  </datafield>
  <datafield tag="655" ind1=" " ind2="9">
    <subfield code="a">German fiction</subfield>
    <subfield code="9">48</subfield>
  </datafield>
  <datafield tag="655" ind1=" " ind2="9">
    <subfield code="a">fantasy novels</subfield>
  </datafield>
  <datafield tag="655" ind1=" " ind2="9">
    <subfield code="a">children's literature</subfield>
  </datafield>
  <datafield tag="700" ind1="1" ind2=" ">
    <subfield code="a">P&#xE1;tkov&#xE1;, Eva,</subfield>
    <subfield code="d">1938-</subfield>
    <subfield code="4">trl</subfield>
    <subfield code="9">2001</subfield>
  </datafield>
  <datafield tag="910" ind1=" " ind2=" ">
    <subfield code="a">ABG508</subfield>
  </datafield>
  <datafield tag="952" ind1=" " ind2=" ">
    <subfield code="1">0</subfield>
    <subfield code="2">udc</subfield>
    <subfield code="4">0</subfield>
    <subfield code="0"></subfield>
  </datafield>
  <datafield tag="999" ind1=" " ind2=" ">
    <subfield code="c">34273</subfield>
    <subfield code="d">34273</subfield>
  </datafield>
</record>
